Ghana Country Quiz - Statistics

General Stats
  • This quiz has been taken 176 times
  • The average score is 4 of 15
Answer Stats
Hint Answer % Correct
Capital Accra
99%
Second largest city Kumasi
64%
Currency Cedi
58%
Longest River Volta River
53%
Third largest city Tamale
31%
Fourth largest city Sekondi-Takoradi
26%
Famous slave fort town Elmina
23%
National park in the south north of Cape Coast Kakum National Park
13%
Second longest river Black Volta River
8%
Highest Point Mt. Afadja
8%
Third longest river White Volta River
7%
Above is near the mouth of what river Pra River
6%
Southernmost point Cape Three Points
4%
River between Ghana and Togo, also is the fourth longest river in Ghana Oti River
4%
Above is in what mountain range? Agumatsa Range
2%
No matching quizzes found
Score Distribution
Percent of People with Each Score
Percentile by Number Answered
Your Score History
You have not taken this quiz